000 00603nam a2200193Ia 4500
005 20260114185747.0
008 008 260114s9999 xx 000 0 eng d
020 _a9781501357756
037 _aEBOOK
040 _aCRL
_beng
_cCRL
041 _aeng
_2eng
084 _qCRL
100 _aMark Ledbury and Robert Wellington
_9874067
245 4 _aThe Versailles Effect Objects, Lives, and Afterlives of the Domaine
260 _bBloomsbury
_c2020
856 _uhttps://doi.org/10.5040/9781501357756?locatt=label:secondary_bloomsburyCollections
942 _cEBOOK
999 _c1473003
_d1473003